Top 50 Most Expensive Football Clubs - Statistics

General Stats
  • This quiz has been taken 113 times
  • The average score is 19 of 50
Answer Stats
Hint Answer % Correct
1st Real Madrid
95%
3rdd Barcelona
94%
14th AC Milan
91%
18th Inter Milan
91%
4th Liverpool
87%
6th Bayern Munich
85%
10th Arsenal
84%
9th Chelsea
84%
11th Juventus
83%
8th Tottenham Hotspur
83%
13th Atletico Madrid
80%
12th Borussia Dortmund
80%
5th Man City
76%
7th PSG
75%
22nd Aston Villa
70%
2nd Man United
68%
30th Ajax
65%
23rd Newcastle
65%
33rd Napoli
54%
35th Benfica
50%
16th West Ham
50%
20th Atalanta
40%
29th Brighton
38%
24th Fulham
34%
17th Inter Miami
32%
26th Crystal Palace
27%
45th Frankfurt
23%
19th LA Galaxy
23%
43rd RB Leipzig
21%
15th LAFC
12%
21st New York
12%
46th Flamengo
11%
25th Seattle Sounders
7%
27th Dc United
6%
49th Houston Dynamo
6%
50th Toronto
6%
42nd New York Red Bulls
5%
37th Columbus Crew
4%
31st Portland Timber
4%
38th Cincinnati
3%
47th Monterrey
3%
28th Austin
2%
32nd Guadalajara
2%
39th Minnesota United
2%
48th San Jose Earthquakes
2%
41st Sporting Kansas City
2%
44th Bergamo Calcio
1%
36th Charlotte FC
1%
40th Nashville
1%
34th Philadelphia
1%
No matching quizzes found
Score Distribution
Percent of People with Each Score
Percentile by Number Answered
Your Score History
You have not taken this quiz